Proti kyjaku sa nedá bojovať kordom S predsedom ČSSD Milošom Zemanom o perspektívach českej a slovenskej ľavice

Podrobná bibliografia
Hlavní autori: Zeman, Miloš, 1944- (Autor), Krno, Martin (Autor)
Médium: Článok
Jazyk:slovenčina
Predmet:

MARC

LEADER 00000nab a2200000 a 4500
001 vtls000541364
003 SK-MaSNL
005 20260304043707.0
008 160202c1995 xo 0 slo
015 |a SNBRB19rr/mm-uuuuu 
035 |a CL0541502 
040 |a SNKBUCL  |b slo  |c SNKBUCL  |e AACR2 
041 0 |a slo 
044 |a xo  |c SK 
080 |a 329.14(437.1/.2)  |2 1981 
080 |a 329.14(437.6)  |2 1981 
100 1 |a Zeman, Miloš,  |d 1944-  |4 aut  |9 119520 
245 1 0 |a Proti kyjaku sa nedá bojovať kordom  |b S predsedom ČSSD Milošom Zemanom o perspektívach českej a slovenskej ľavice  |c Miloš Zeman, Martin Krno 
300 |b Fotogr. 1 
650 0 7 |a Česká republika  |2 snkbucl  |9 894061 
650 0 7 |a ľavicové politické strany  |2 snkbucl  |9 969155 
651 7 |a Slovensko  |2 snkbucl 
655 7 |a články z novín a časopisov  |2 snkbucl  |9 267496 
700 1 |a Krno, Martin  |4 aut  |9 267168 
773 0 |t Pravda  |g Roč. 5, č. 61 (14. 3. 1995), s. 7 
850 |a Slovenská národná knižnica v Martine  |a MTA001 
852 |a SNK  |b KIS3GCP 
958 |a RK 
958 |a CZ 
958 |a SK 
992 |a RBX 
999 |c 2681721  |d 2683651